Levels of economic activity and public expenditure in India (Record no. 20539)

MARC details
000 -LEADER
fixed length control field 00387nam a2200133Ia 4500
082 ## - DEWEY DECIMAL CLASSIFICATION NUMBER
Classification number 336.5(540)
Item number MUK
100 ## - MAIN ENTRY--AUTHOR NAME
Personal name MUKERJI, Kshitimohan
245 #0 - TITLE STATEMENT
Title Levels of economic activity and public expenditure in India
260 ## - PUBLICATION, DISTRIBUTION, ETC. (IMPRINT)
Place of publication Poona
Name of publisher Gokhale
Year of publication 1965
650 ## - SUBJECT ADDED ENTRY--TOPICAL TERM
Topical Term Agricultural production
650 ## - SUBJECT ADDED ENTRY--TOPICAL TERM
Topical Term Industrial production
942 ## - ADDED ENTRY ELEMENTS (KOHA)
Koha item type Books
Holdings
Withdrawn status Lost status Damaged status Not for loan Home library Current library Date acquired Full call number Accession Number Koha item type
        RRII Library RRII Library 16/12/2021 336.5(540) MUK 01263 Books